| 000 | 00565nam a2200241 a 4500 | ||
|---|---|---|---|
| 001 | nice12345678 | ||
| 003 | IN_TiNIC | ||
| 005 | 20260116011807.0 | ||
| 008 | 050524s1924 laha grp 000 0 urd | ||
| 020 |
_a _c100 |
||
| 082 | 0 | 0 |
_a220.9 _bMAS |
| 100 | _aMasihi Press, | ||
| 245 | _aBible Ki Kitabon Ka Deebacha | ||
| 260 |
_aLahore _bMasihi Press _c1924 |
||
| 300 | _a450p | ||
| 500 | _aincludes index and biblioraphy | ||
| 505 | 2 | _aThesis | |
| 650 | _aBible-History | ||
| 700 | 1 | _aMasihi Press, | |
| 902 | _bSRS | ||
| 942 | _cBK | ||
| 999 |
_c4018 _d4018 |
||